Les derniers carolingiens (Record no. 158135)

MARC details
000 -LEADER
campo de control de longitud fija 00946nam a2200217 i 4500
001 - NÚMERO DE CONTROL
campo de control 158135
003 - IDENTIFICADOR DE NÚMERO DE CONTROL
campo de control ES-MaACL
005 - FECHA Y HORA DE LA ÚLTIMA TRANSACCIÓN
campo de control 20250810084413.0
008 - DATOS DE LONGITUD FIJA--INFORMACIÓN GENERAL
campo de control de longitud fija 040823s1891 fr |||| | fre d
040 ## - FUENTE DE CATALOGACIÓN
Centro catalogador/agencia de origen CAM
Lengua de catalogación spa
Centro/agencia transcriptor CAM
100 1# - ENTRADA PRINCIPAL--NOMBRE DE PERSONA
Nombre de persona Lot, Ferdinand.
9 (RLIN) 74290
245 14 - MENCIÓN DEL TÍTULO
Título Les derniers carolingiens
Resto del título : Lothaire, Louis V, Charles de Lorraine : (954-991) /
Mención de responsabilidad, etc. par Ferdinand Lot; préfáce par A. Giry.
260 ## - PUBLICACIÓN, DISTRIBUCIÓN, ETC.
Lugar de publicación, distribución, etc. Paris :
Nombre del editor, distribuidor, etc. Emile Bouillon librairie éditeur,
Fecha de publicación, distribución, etc. 1891 (
Lugar de fabricación/manufactura Chartres :
Fabricante Imprimerie Durand)
300 ## - DESCRIPCIÓN FÍSICA
Extensión XLVIII, 479 p. ;
Dimensiones 24 cm.
490 1# - MENCIÓN DE SERIE
Mención de serie Bibliothèque de l'Ecole des Hautes Etudes. Sciences philologiques et historiques ;
Designación de volumen o secuencia 87
650 #4 - PUNTO DE ACCESO ADICIONAL DE MATERIA--TÉRMINO DE MATERIA
Término de materia o nombre geográfico como elemento de entrada Europa-
Subdivisión general Historia-
Subdivisión cronológica 0476-1492.
9 (RLIN) 188146
700 1# - ENTRADA AGREGADA--NOMBRE PERSONAL
Nombre de persona Giry, Arthur,
Fechas asociadas al nombre 1848-1899
9 (RLIN) 57314
830 00 - PUNTO DE ACCESO ADICIONAL DE SERIE-TÍTULO UNIFORME
Título uniforme Bibliothèque de l'École des Hautes Études. Sciences historiques et philologiques
Designación de volumen o secuencia 87
9 (RLIN) 229685
852 ## - LOCALIZACIÓN
Ubicación ES-MaACL
Número de control de estantería C-7609
Nota libre -- Enc. hol.
Holdings
Estatus retirado Estado de pérdida Estado de daño No para préstamo Colección Biblioteca de origen Biblioteca actual Ubicación en estantería Fecha de adquisición Fuente de adquisición Total de préstamos Signatura topográfica completa Código de barras Visto por última vez Precio de reemplazo Tipo de ítem Koha
        Libros del s. XIX Biblioteca del Ateneo de Madrid Biblioteca del Ateneo de Madrid Sala Palomar 17/01/2008     C-7609 1165504 23/02/2023 23/02/2023 Libro impreso antiguo